000 00659nam a2200241Ia 4500
003 OSt
005 20221007061031.0
006 a|||||r|||| 00| 0
007 ta
008 221006b |||||||| |||| 00| 0 hin d
024 _a6,422
037 _cTextual
040 _aFLL
_cFLL
_bhin
041 _2hin
_ahin
082 _aR4obZ, 152P0
100 _aRai Kailash Au.
245 0 _aLegal ethics,accountancy for lawyers and bench-bar relation
250 _a1st
260 _aAllahabad
_bAllahabad law agency India
_c2000
300 _axi,319p
_ccm.
942 _hR4obZ, 152P0
_cTEXL
_2CC
999 _c1124051
_d1124051